Star Wars - Where Did They Die? - Statistics

General Stats
  • This quiz has been taken 19 times
    8 since last reset
  • The average score is 13 of 28
Answer Stats
Character Location Type Location % Correct
Mace Windu Planet Coruscant
100%
Yoda Planet Dagobah
75%
Jango Fett Planet Geonosis
75%
Savage Opress Planet Mandalore
75%
Qui-Gon Jinn Planet Naboo
75%
Darth Maul Planet Tatooine
75%
Obi-Wan Kenobi Ship The Death Star
75%
Taron Malicos Planet Dathomir
50%
Aayla Secura Planet Felucia
50%
Saw Gerrera Planet Jedha
50%
Padmé Amidala Planetoid Polis Massa
50%
Jyn Erso Planet Scarif
50%
Han Solo Planet/Ship Starkiller Base (Ilum)
50%
General Grievous Planet Utapau
50%
Luke Skywalker Planet Ahch-To
25%
Leia Organa Planet Ajan Kloss
25%
Plo Koon Planet Cato Neimoidia
25%
Asajj Ventress Planet Christophsis
25%
Anakin Skywalker Ship Death Star II
25%
Galen Erso Planet Eadu
25%
Ben Solo Planet Exegol
25%
Kanan Jarrus Planet Lothal
25%
Ki-Adi-Mundi Planet Mygeeto
25%
Kuiil Planet Nevarro
25%
Tobias Beckett Planet Savareen
25%
Count Dooku Ship The Invisible Hand
25%
Supreme Leader Snoke Ship The Supremacy
25%
Rio Durant Planet Vandor
25%
No matching quizzes found
Score Distribution
Percent of People with Each Score
Percentile by Number Answered
Your Score History
You have not taken this quiz since the last reset